10 Capitals Closest to Podgorica - Statistics

General Stats
  • This quiz has been taken 51 times
    47 since last reset
  • The average score is 9 of 10
Answer Stats
km Capital % Correct
282 Belgrade
98%
552 Rome
98%
131 Tirana
98%
456 Zagreb
98%
335 Sofia
93%
173 Sarajevo
91%
186 Skopje
91%
562 Budapest
88%
158 Pristina
88%
550 Ljubljana
86%
No matching quizzes found
Score Distribution
Percent of People with Each Score
Percentile by Number Answered
Your Score History
You have not taken this quiz since the last reset